| 000 | 00345nam a2200145Ia 4500 | ||
|---|---|---|---|
| 008 | 150201s1994 xx 000 0 und d | ||
| 082 |
_a617.645 _bC1994I |
||
| 100 | _aITO,TERW | ||
| 245 | _aCOLOUR ATLAS OF PERIODONTAL SURGERY | ||
| 250 | _a1ST | ||
| 260 |
_bMOSBY _aDELHI _c1994 |
||
| 300 | _a1-319 | ||
| 650 | _aPERIODONTICS | ||
| 942 |
_2ddc _cBK |
||
| 999 |
_c4436 _d4436 |
||